Normal view
MARC view
- Petkov, P. Hr.
Entry Personal Name
001 - CONTROL NUMBER
- control field: 111258
003 - CONTROL NUMBER IDENTIFIER
- control field: NUST
005 - DATE AND TIME OF LATEST TRANSACTION
- control field: 20230324090935.0
008 - FIXED-LENGTH DATA ELEMENTS
- fixed length control field: 230324|| aca||aabn | a|a d
040 ## - CATALOGING SOURCE
- Original cataloging agency: NUST
- Transcribing agency: NUST
100 ## - HEADING--PERSONAL NAME
- Personal name: Petkov, P. Hr.
- Fuller form of name: (Petko Hr.),
- Dates associated with a name: 1948-
670 ## - SOURCE DATA FOUND
- Source citation: Work cat.: (NUST)0: Petkov, P. Hr. (Petko Hr.), 1948-, Design of embedded robust control systems using MATLAB (R) /Simulink (R) /
